Born in Newark/New Jersey - Statistics

General Stats
  • This quiz has been taken 49 times
    4 since last reset
  • The average score is 8 of 28
Answer Stats
Hint Answer % Correct
Singer and frontman of "The Four Seasons" 1934 Frankie Valli
100%
Singer, "I Will Survive" "I Am What I Am" 1943 Gloria Gaynor
100%
Singer and songwriter, known as part of a duo with Art Garfunkel 1941 Paul Simon
100%
Singer and actress, "I Will Always Love You" "I Wanna Dance With Somebody" "Run to You" "I Have Nothing" 1963 Whitney Houston
100%
Vice President from 1801 to 1805 and Senator from New York from 1791 to 1797, he killed Alexander Hamilton in a duel 1756 Aaron Burr
75%
Rapper and actress, "Chicago" "Set It Off" "Ice Age" nicknamed "Queen of Rap" 1970 Queen Latifah
75%
Actor, "Goodfellas" "Field of Dreams" "Marriage Story" 1954 Ray Liotta
75%
Comedian and actor, he gained fame as part of a duo with Dean Martin 1926 Jerry Lewis
50%
Actor, "Goodfellas" "Home Alone" "The Irishman" "Casino" "My Cousin Vinny" 1943 Joe Pesci
50%
Governor of New Jersey from 2010 to 2018 1962 Chris Christie
25%
Actor, known for his role as George Costanza in "Seinfeld" 1959 Jason Alexander
25%
Podcaster, comedian and former UFC commentator, his controversial podacst "The...Experience" is one of the most popular podcasts in the world 1967 Joe Rogan
25%
Hall of Fame center who has played for the Los Angeles Lakers, Orlando Magic and Miami Heat 1972 Shaquille O'Neal
25%
Poet and part of the Beat generation, "Howl" 1926 Allen Ginsberg
0%
Big man who plays for the Miami Heat 1997 Bam Adebayo
0%
Director, "The Untouchables" "Mission: Impossible" "Scarface" 1940 Brian de Palma
0%
Tight end who has played for the Detroit Lions, Indianapolis Colts and Pittsburgh Steelers 1993 Eric Ebron
0%
Actor, known for his role as Steve Sanders in "Beverly Hills, 90210" 1964 Ian Ziering
0%
Rapper, "Cop Killer" "I'm Your Pusher" "99 Problems" 1958 Ice-T
0%
Former power forward who played most of his career for the Denver Nuggets 1989 Kenneth Faried
0%
Actress, knwon for playing the youngest daughter Rudy in "The Cosby Show" 1979 Keshia Knight Pulliam
0%
Actor, known for his roles as Hercules Mulligan and James Madison in "Hamilton" 1987 Okieriete Onaodowan
0%
Author, "The Brooklyn Follies" "The New York Trilogy" "The Invention of Solitude" 1947 Paul Auster
0%
Author, "American Pastoral" "The Human Stain" 1933 Philip Roth
0%
Head coach of the Atlanta Falcons since 2024 1976 Raheem Morris
0%
Inventor of the Oreo cookie creme-filling, nicknamed "Mr.Oreo" 1935 Sam Porcello
0%
Justice of the Supreme Court from 1956 to 1990 1906 William J. Brennan Jr.
0%
Soccer goalkeeper who plays for Parma and the Japanese national team 2002 Zion Suzuki
0%
No matching quizzes found
Score Distribution
Percent of People with Each Score
Percentile by Number Answered
Your Score History
You have not taken this quiz since the last reset